| Tag |
First Indicator |
Second Indicator |
Subfields |
| LEADER |
00000cem a2200000 a 4500 |
| 001 |
in00002781800 |
| 005 |
20150922114651.0 |
| 007 |
aj aanzn |
| 008 |
120911s1970 txu a 0 eng |
| 034 |
0 |
|
|a a
|
| 040 |
|
|
|d UtOrBLW
|
| 043 |
|
|
|a n-us-tx
|
| 052 |
|
|
|a 4034
|b R79
|
| 090 |
|
|
|a G4034.R79 1970
|b .P6
|
| 100 |
1 |
|
|a Powers, Louis D.
|
| 245 |
1 |
0 |
|a City of Rosebud, Texas /
|c drawn by Louis D. Powers.
|
| 255 |
|
|
|a Scale not given.
|
| 264 |
|
1 |
|a Waco, Tex. :
|b Louis D. Powers,
|c [1970?]
|
| 300 |
|
|
|a 1 map ;
|c 22 x 32 cm.
|
| 336 |
|
|
|a cartographic image
|b cri
|2 rdacontent
|
| 337 |
|
|
|a unmediated
|b n
|2 rdamedia
|
| 338 |
|
|
|a sheet
|b nb
|2 rdacarrier
|
| 500 |
|
|
|a Cadastral map.
|
| 500 |
|
|
|a Cartographic material.
|
| 651 |
|
0 |
|a Rosebud (Tex.)
|v Maps.
|
| 948 |
|
|
|a Needs original cataloging
|b h
|c 2012/9/11
|d c
|e jgreene
|f 9:35:44 am
|
| 999 |
|
|
|a MARS
|
| 999 |
f |
f |
|s a20dc154-7037-38c7-a4d5-51080fa64db5
|i 48638ed2-02c7-3fe3-b46f-b50b9f9f0ad7
|t 0
|
| 952 |
f |
f |
|p normal
|a Texas A&M University
|b College Station
|c Sterling C. Evans Library
|d Evans: Maps (2nd floor)
|t 0
|e G4034.R79 1970 .P6
|h Library of Congress classification
|i unmediated -- sheet
|m A14841107787
|
| 998 |
f |
f |
|a G4034.R79 1970 .P6
|t 0
|l Evans: Maps (2nd floor)
|